Materials science of thin films : (Record no. 1867)
[ view plain ]
| 000 -LEADER | |
|---|---|
| fixed length control field | 01406cam a22003614a 4500 |
| 001 - CONTROL NUMBER | |
| control field | 12362221 |
| 003 - CONTROL NUMBER IDENTIFIER | |
| control field | OSt |
| 005 - DATE AND TIME OF LATEST TRANSACTION | |
| control field | 20260206145615.0 |
| 008 - FIXED-LENGTH DATA ELEMENTS--GENERAL INFORMATION | |
| fixed length control field | 010328s2002 caua b 001 0 eng |
| 010 ## - LIBRARY OF CONGRESS CONTROL NUMBER | |
| LC control number | 2001089414 |
| 020 ## - INTERNATIONAL STANDARD BOOK NUMBER | |
| International Standard Book Number | 9780125249751 |
| Qualifying information | (alk. paper) |
| 035 ## - SYSTEM CONTROL NUMBER | |
| System control number | 12362221 |
| 040 ## - CATALOGING SOURCE | |
| Original cataloging agency | DLC |
| Transcribing agency | DLC |
| Modifying agency | DLC |
| 042 ## - AUTHENTICATION CODE | |
| Authentication code | pcc |
| 082 00 - DEWEY DECIMAL CLASSIFICATION NUMBER | |
| Classification number | 621.38152 |
| Item number | OHR |
| 100 1# - MAIN ENTRY--PERSONAL NAME | |
| Personal name | Ohring, Milton, |
| Dates associated with a name | 1936- |
| 9 (RLIN) | 3665 |
| 245 10 - TITLE STATEMENT | |
| Title | Materials science of thin films : |
| Remainder of title | deposition and structure / |
| Statement of responsibility, etc. | Milton Ohring. |
| 250 ## - EDITION STATEMENT | |
| Edition statement | 2/e |
| 260 ## - PUBLICATION, DISTRIBUTION, ETC. | |
| Place of publication, distribution, etc. | San Diego, CA : |
| Name of publisher, distributor, etc. | Academic Press, |
| Date of publication, distribution, etc. | 2002. |
| 300 ## - PHYSICAL DESCRIPTION | |
| Extent | xxi, 794 p. : |
| Other physical details | ill. ; |
| Dimensions | 24 cm. |
| 336 ## - CONTENT TYPE | |
| Content type term | text |
| Content type code | txt |
| Source | rdacontent |
| 337 ## - MEDIA TYPE | |
| Media type term | unmediated |
| Media type code | n |
| Source | rdamedia |
| 338 ## - CARRIER TYPE | |
| Carrier type term | volume |
| Carrier type code | nc |
| Source | rdacarrier |
| 504 ## - BIBLIOGRAPHY, ETC. NOTE | |
| Bibliography, etc. note | Includes bibliographical references and index. |
| 650 #0 - SUBJECT ADDED ENTRY--TOPICAL TERM | |
| Topical term or geographic name entry element | Thin films. |
| 9 (RLIN) | 3666 |
| 856 42 - ELECTRONIC LOCATION AND ACCESS | |
| Materials specified | Publisher description |
| Uniform Resource Identifier | <a href="http://www.loc.gov/catdir/description/els031/2001089414.html">http://www.loc.gov/catdir/description/els031/2001089414.html</a> |
| 856 41 - ELECTRONIC LOCATION AND ACCESS | |
| Materials specified | Table of contents |
| Uniform Resource Identifier | <a href="http://www.loc.gov/catdir/toc/els031/2001089414.html">http://www.loc.gov/catdir/toc/els031/2001089414.html</a> |
| 856 42 - ELECTRONIC LOCATION AND ACCESS | |
| Materials specified | Book review (E-STREAMS) |
| Uniform Resource Identifier | <a href="http://www.e-streams.com/es0505/es0505_1873.htm">http://www.e-streams.com/es0505/es0505_1873.htm</a> |
| 906 ## - LOCAL DATA ELEMENT F, LDF (RLIN) | |
| a | 7 |
| b | cbc |
| c | orignew |
| d | 2 |
| e | epcn |
| f | 20 |
| g | y-gencatlg |
| 942 ## - ADDED ENTRY ELEMENTS (KOHA) | |
| Source of classification or shelving scheme | Dewey Decimal Classification |
| Koha item type | Books |
| Withdrawn status | Lost status | Source of classification or shelving scheme | Damaged status | Not for loan | Collection code | Home library | Current library | Shelving location | Date acquired | Source of acquisition | Cost, normal purchase price | Total Checkouts | Full call number | Barcode | Date last seen | Copy number | Cost, replacement price | Price effective from | Koha item type | Public note |
|---|---|---|---|---|---|---|---|---|---|---|---|---|---|---|---|---|---|---|---|---|
| Dewey Decimal Classification | Reference | Reference | IIT Goa Central Library | IIT Goa Central Library | Reference | 2026-02-06 | New India Book Agency | 13426.00 | 621.38152 OHR | 4607 | 2026-02-06 | 1 | 13426.00 | Reference | 6782||29-01-2026||41.00%||USD 146.00 |